Corbs Capitol : Journey Though Chandigarh Architecture. (Record no. 16866)

MARC details
000 -LEADER
fixed length control field 00392nam a2200145Ia 4500
008 - FIXED-LENGTH DATA ELEMENTS--GENERAL INFORMATION
fixed length control field 220803s9999 xx 000 0 und d
020 ## - INTERNATIONAL STANDARD BOOK NUMBER
International Standard Book Number 9781634158206
041 ## - LANGUAGE CODE
Language code of text/sound track or separate title eng
082 ## - DEWEY DECIMAL CLASSIFICATION NUMBER
Classification number 720.22 SHA
100 ## - MAIN ENTRY--PERSONAL NAME
Personal name Sharma S.
9 (RLIN) 26314
245 ## - TITLE STATEMENT
Title Corbs Capitol : Journey Though Chandigarh Architecture.
260 ## - PUBLICATION, DISTRIBUTION, ETC. (IMPRINT)
Place of publication, distribution, etc. Chandigarh
Name of publisher, distributor, etc. A3 Foundation
Date of publication, distribution, etc. 2014
300 ## - PHYSICAL DESCRIPTION
Extent 248p
650 ## - SUBJECT ADDED ENTRY--TOPICAL TERM
Topical term or geographic name as entry element Research
9 (RLIN) 26315
Holdings
Withdrawn status Lost status Damaged status Not for loan Collection code Home library Current library Shelving location Date acquired Vendor Cost, normal purchase price Total Checkouts Full call number Barcode Date last seen Cost, replacement price Bill Date Koha item type Original Barcode
        Book of B Arch Dr. Bhanuben Nanavati College of Architecture Dr. Bhanuben Nanavati College of Architecture   07/09/2018 Gmail 300.00   711.7 SHA BNCA-BK-10672 15/02/2023 300.00 14/08/2018 Books B10672
        Book of B Arch Dr. Bhanuben Nanavati College of Architecture Dr. Bhanuben Nanavati College of Architecture   07/09/2018 Gmail 300.00   711.7 SHA BNCA-BK-10673 03/08/2022 300.00 14/08/2018 Books B10673